[Event "AUT-chT2O 0203"]
[Site "Austria"]
[Date "2002.11.23"]
[Round "4.5"]
[White "Knessl, Friedrich"]
[Black "Kleiser, Gregor"]
[Result "1-0"]
[WhiteElo "2058"]
[BlackElo "2201"]
[PlyCount "113"]
[EventDate "2002.10.25"]
[EventType "team-tourn"]
[EventRounds "11"]
[EventCountry "AUT"]
[SourceTitle "EXT 2020"]
[Source "ChessBase"]
[SourceDate "2019.10.17"]
[SourceVersion "1"]
[SourceVersionDate "2019.10.17"]
[SourceQuality "1"]
[WhiteTeam "Mattersburg"]
[BlackTeam "Tschaturanga"]
[WhiteTeamCountry "AUT"]
[BlackTeamCountry "AUT"]

1. e4 c5 2. Nf3 Nc6 3. d4 cxd4 4. Nxd4 Nf6 5. Nc3 e5 6. Ndb5 d6 7. Bg5 a6 8. Na3 b5 9. Nd5 Be7 10. Nxe7 Nxe7 11. Bxf6 gxf6 12. Qf3 f5 13. exf5 Bxf5 14. Bd3 Bxd3 15. Qxd3 d5 16. c3 Qd6 17. 0-0 Qg6 18. Qe2 Rg8 19. g3 e4 20. Nc2 f5 21. Qe3 Qg5 22. f4 Qg6 23. a4 Kf7 24. Rfd1 h5 25. axb5 axb5 26. Rxa8 Rxa8 27. Nb4 Qg4 28. Re1 h4 29. Kg2 hxg3 30. hxg3 Rh8 31. Rg1 Rh3 32. Kf2 Rh2+ 33. Rg2 Qh3 34. Rxh2 Qxh2+ 35. Ke1 Qxb2 36. Qc5 Qg2 37. Qf2 Qxf2+ 38. Kxf2 Ke6 39. Nc2 Nc6 40. g4 fxg4 41. Kg3 d4 42. cxd4 b4 43. f5+ Kd5 44. f6 b3 45. Ne3+ Kxd4 46. f7 b2 47. Nc2+ Kc3 48. Na3 Kb3 49. f8Q Nb4 50. Nb1 Kc2 51. Qxb4 Kxb1 52. Qxe4+ Kc1 53. Qc4+ Kd2 54. Qb3 Kc1 55. Qc3+ Kb1 56. Kxg4 Ka2 57. Qd2 1-0

[Event "AUT-chT2O 0203"]
[Site "Austria"]
[Date "2002.10.27"]
[Round "3.6"]
[White "Knessl, Friedrich"]
[Black "Wiedner, Robert"]
[Result "1/2-1/2"]
[WhiteElo "2058"]
[BlackElo "2241"]
[PlyCount "94"]
[EventDate "2002.10.25"]
[EventType "team-tourn"]
[EventRounds "11"]
[EventCountry "AUT"]
[SourceTitle "EXT 2020"]
[Source "ChessBase"]
[SourceDate "2019.10.17"]
[SourceVersion "1"]
[SourceVersionDate "2019.10.17"]
[SourceQuality "1"]
[WhiteTeam "Mattersburg"]
[BlackTeam "Wiener Neustadt"]
[WhiteTeamCountry "AUT"]
[BlackTeamCountry "AUT"]

1. e4 g6 2. d4 Bg7 3. Nc3 d6 4. Bc4 Nd7 5. Nf3 c6 6. a4 Nf8 7. 0-0 h6 8. Qe2 Bg4 9. Be3 e6 10. Bb3 Nf6 11. h3 Bxf3 12. Qxf3 d5 13. exd5 exd5 14. Bf4 Ne6 15. Be5 0-0 16. Rfe1 Nh5 17. Rad1 Qh4 18. Ne2 Rfe8 19. Bxg7 Nhxg7 20. c3 Nf5 21. Bc2 Ng5 22. Qg4 Qxg4 23. hxg4 Nd6 24. Nf4 Kg7 25. Kf1 Rxe1+ 26. Rxe1 Re8 27. Rxe8 Nxe8 28. Ke2 Kf6 29. f3 Nd6 30. b4 Ne6 31. Nxe6 fxe6 32. Bd3 g5 33. Ke3 e5 34. dxe5+ Kxe5 35. g3 Ne8 36. f4+ Kd6 37. Kd4 b6 38. Bf5 c5+ 39. Kd3 Nc7 40. Bc8 a5 41. bxa5 bxa5 42. Ke3 Kc6 43. Bf5 Na6 44. Bg6 Kd6 45. Bf5 Nb8 46. Bc8 Nc6 47. Bf5 Ne7 1/2-1/2